Italian Car Brands - Statistics

General Stats
  • This quiz has been taken 199 times
  • The average score is 7 of 10
Answer Stats
Hint Answer % Correct
458 Italia, 288 GTO, F40 Ferrari
98%
Huracán, Gallardo, Aventador Lamborghini
97%
Seicento, Pallo, Barchetta Fiat
93%
MiTo, Giulietta, GTV Alfa Romeo
90%
Ghibli, Granturismo, Levante Maserati
78%
Ypsilon, Dedra, Delta Lancia
70%
Huayra, Zonda, Cinque Pagani
68%
595, Biposto, Punto Abarth
46%
C6W, T40, B24 Covini
10%
Sulky, M14, Ydea Casalini
9%
No matching quizzes found
Score Distribution
Percent of People with Each Score
Percentile by Number Answered
Your Score History
You have not taken this quiz